LEADER 00398nab a2200133 i 4500 001 000000262983 003 CaOOAMICUS 005 20180831164636.0 008 180831n xx uu u0 0und r 013 $a4477 040 $aSeMil$bita 245 10$a[vedi periodico]. 773 0 $tImpero o civiltà?.$dMilano : Centro Sociale Ambrosiano, 2004.$w()144943 996 $6245$a[vedi periodico]$9(OLS)http://semarc/title/309439 LEADER 00391nab a2200145 i 4500 001 000000272908 003 CaOOAMICUS 005 20100210000000.0 008 100210n xx uu u0 0und r 013 $a20949 040 $aSeMil$bita 245 10$a[SENZA TITOLO]. 500 $a2010/1. 773 0 $t[2010].$dWürzburg : Echter, 2010.$w()188928 996 $6245$a[SENZA TITOLO]$9(OLS)http://semarc/title/354609